It looks like you're offline.
Open Library logo
additional options menu

MARC record from Internet Archive

LEADER: 02895cam 2200721Mi 4500
001 ocn694262957
003 OCoLC
005 20200816231753.0
008 100705s2010 enk 000 0 eng
040 $aAU@$beng$cAU@$dOCLCQ$dOCLCO$dUKM$dOCLCQ$dOCLCF$dOCL
015 $aGBB078537$2bnb
016 7 $a015589297$2Uk
019 $a645702044$a1108058671
020 $a9780753195901
020 $a0753195909
020 $a0753195917
020 $a9780753195918
035 $a(OCoLC)694262957$z(OCoLC)645702044$z(OCoLC)1108058671
043 $ae-uk-st
082 04 $a941.2'9085'092$222
100 1 $aArbuckle, Andrew.
245 10 $aWe waved to the baker /$cAndrew Arbuckle.
250 $aLarge print ed.
260 $aOxford :$bIsis,$c2010.
300 $a144 pages (large print) ;$c24 cm.
336 $atext$btxt$2rdacontent
337 $aunmediated$bn$2rdamedia
338 $avolume$bnc$2rdacarrier
490 0 $aReminiscence series
520 $a"I wished I had asked Mum to buy my most recent favourite food, a raisin-filled slice of cake that the baker called a 'fly cemetery'. This was rather a strange name because I never saw any dead flies when I was eating it."We Waved to the Baker is an evocative and heart-warming collection of stories from Andrew Arbuckle's youth in Fife. Through the fresh gaze of childhood, he depicts the rugged hard work of life on the farm, while capturing the essence of growing up in a boisterous family and close rural community. We follow the young Andrew as he deals with the trials and tribulations of school, older brothers and plucking chickens, while throwing in as much mischief as possible.
521 $aAdult.
650 0 $aFarm life$zScotland$zFife.
651 0 $aFife (Scotland)$xSocial life and customs$y20th century.
651 0 $aFife (Scotland)$vBiography.
600 14 $aArbuckle, Andrew$xChildhood and youth.
650 7 $aFarm life.$2fast$0(OCoLC)fst00921052
650 7 $aManners and customs.$2fast$0(OCoLC)fst01007815
651 7 $aScotland$zFife.$2fast$0(OCoLC)fst01214433
648 7 $a1900-1999$2fast
655 0 $aLarge type books.
655 7 $aBiographies.$2fast$0(OCoLC)fst01919896
029 0 $aAU@$b000046393175
029 1 $aAU@$b000046485279
029 1 $aAU@$b000047781495
029 1 $aCBK$b12203046X
029 1 $aNZ1$b13501194
029 1 $aNZ1$b14189526
029 1 $aNZ1$b14396241
029 1 $aNZ1$b14410448
029 1 $aUKBNS$b12203046X
029 1 $aUKBOR$b12203046X
029 1 $aUKDEL$b130990930
029 1 $aUKDON$b0753195909
029 1 $aUKDOR$b12203046X
029 1 $aUKPMH$b0753195909
029 1 $aUKPMH$b0753195917
029 1 $aUKPMH$b130990930
029 1 $aUKSCO$b12203046X
029 1 $aUKSOM$b12203046X
029 1 $aUNITY$b12203046X
029 1 $aUNITY$b130990930
994 $aZ0$bP4A
948 $hNO HOLDINGS IN P4A - 48 OTHER HOLDINGS